Aristotle's poetics (Record no. 11337)

MARC details
000 -LEADER
fixed length control field 00447nam a2200169Ia 4500
008 - FIXED-LENGTH DATA ELEMENTS--GENERAL INFORMATION
fixed length control field 230917s9999||||xx |||||||||||||| ||und||
020 ## - ISBN
Price RS2097
040 ## - CATALOGING SOURCE
-- 216025
Original cataloging agency VIVEKANANDA LIBRARY
041 ## - Language
-- English
082 ## - DDC NUMBER
Classification number 801.95 A46H:A
100 ## - MAIN ENTRY--PERSONAL NAME
Personal name Halliwell, Stephen
245 #0 - TITLE STATEMENT
Title Aristotle's poetics
260 ## - PUBLICATION, DISTRIBUTION, ETC. (IMPRINT)
Place of publication, distribution, etc Chicago
Name of publisher, distributor, etc University of Chicago
Date of publication, distribution, etc 1986
300 ## - PHYSICAL DESCRIPTION
Pages xiii, 369 p.
500 ## - GENERAL NOTE
General note 1539 07/05/2014 KB165 09/08/2014 Main Budget
942 ## - ADDED ENTRY ELEMENTS (KOHA)
Koha item type Books
Holdings
Withdrawn status Lost status Damaged status Not for loan Location (home branch) Sublocation or collection (holding branch) Date acquired Koha issues (times borrowed) Koha full call number Accession No. Koha date last seen Koha item type
        VIVEKANANDA LIBRARY VIVEKANANDA LIBRARY 29/09/2014 1 801.95 A46H:A 307714 23/12/2023 Books
© Designed and Maintained by Vivekananda Library, MDU Rohtak